| 000 | 04699nam0a22005171 4500 | ||
|---|---|---|---|
| 001 | RU\NLR\A1\7294 | ||
| 005 | 20260407103906.0 | ||
| 035 | _a(NLR Aleph) 009673120 | ||
| 090 |
_a9670902 _c9670902 |
||
| 100 | _a19970429d1778 m y0rusy50 ca | ||
| 101 | 0 | _arus | |
| 102 | _aRU | ||
| 135 | _acrcn 024anaba | ||
| 140 | _ay y mayaa0000 | ||
| 200 | 1 |
_aЮридическое разсуждение о пользе знания отечественнаго законоискусства, и о надобном возобновлении онаго в государственных высокопокровительствуемых училищах. _eНа высокоторжественный день рождения ея императорскаго величества, всепресветлейшия, державнейшия, великия государыни императрицы Екатерины Алексеевны, самодержицы всероссийския, _fговоренное в торжественном Императорскаго Московскаго университета собрании апреля 22 дня, 1778 года, юриспруденции доктором и публичным ординарным профессором Семеном Десницким |
|
| 210 |
_a[М.] _cпечатано при Университетской типографии _d[1778] |
||
| 215 |
_a42, [2] c. _d4° |
||
| 305 | _aИмеется два вар. с.9-10, 41-42, отличающихся текстом и набором. Вар. 1: с.9, строки 8-14 - "...системе российских прав, по особливому жребию досталось быть столько пренебреженной в учении от всех, что она и поднесь оставшись несобранною, и нерасположенною, не составляет в себе ни какой особливой науки..." Вар. 2: "...российское право не составляет в себе ни какой особливой науки..." Вар. 1: на с.41 примеч. о необходимости хорошего преподавателя по "практическому законоискусству российскому", которое отсутствует во 2-м вар. | ||
| 316 |
_aЭкз. РНБ (18.94.1.151 Вар.2) в составном картонном пер., обтянутом синей бумагой, с коричневым ледериновым корешком и черными уголками. На нижней крышке пер. экслибрис Рус. Фонда ГПБ с шифром. На форзаце старый ярлык. На тит. л., с.33 и [2] круглый штамп ГПБ. Размер: 24,5х19,6х1,2 см _5NLR: 18.94.1.151 Вар.2 |
||
| 317 |
_aВ экз. РНБ (18.94.1.151 Вар.2) на форзаце экслибрис Эрмитажной б-ки. (Богомолов 17894). _5NLR: 18.94.1.151 Вар.2 |
||
| 321 | 1 | _aСК XVIII 1816 | |
| 321 | 1 | _aСК XVIII. Т.3. С.486 | |
| 325 | _aКопия доступна в Электрон. б-ке РНБ | ||
| 518 | 1 | _aЮридическое рассуждение о пользе знания отечественного законоискусства, и о надобном возобновлении оного в государственных высокопокровительствуемых училищах | |
| 600 | 0 |
_aЕкатерина _cимператрица российская _dII _f1729 - 1796 _91053825 _3RU\NLR\AUTH\66407813 |
|
| 620 | _dМосква | ||
| 700 | 1 |
_4070 _7ca _8rus _aДесницкий _bС. Е. _fок. 1740-1789 _gСемён Ефимович _9194368 _3RU\NLR\AUTH\770194419 |
|
| 712 | 0 | 2 |
_4610 _aМосковский университет _bТипография _3RU\NLR\AUTH\889932963 _9361140 |
| 801 | 0 |
_aRU _bNLR _c19970429 |
|
| 852 |
_aNLR _j18.94.1.151 _yВар. 2 |
||
| 852 |
_aNLR _bМф _jК1/559 |
||
| 856 | 0 | _uhttp://vivaldi.nlr.ru/bx700000078/view | |
| 856 | 1 | _uhttp://vivaldi.nlr.ru/bx700000078/cover | |
| 856 | 2 | _uhttp://vivaldi.nlr.ru/bx700000078/text | |
| 899 |
_aМГУ _yВар. 1 |
||
| 899 |
_aГПИБ _yВар. 1, 2 |
||
| 899 | _aНГОУНБ | ||
| 899 |
_aРГБ _yВар. 1, 2 |
||
| 942 | _cBOOK | ||
| 980 | _aNB | ||
| 980 | 9 | _akprsl | |
| 980 | _aA1XVIIIv | ||
| 981 | 2 | 0 |
_a(20) Книжные памятники РНБ _b(20) Русский книжный фонд |